000 00409nam a2200145Ia 4500
008 191206s9999 xx 000 0 und d
020 _a333140311
090 _aPR601309D855
245 0 _aJames Joyce: Dubliners and A portrait of the artist as a young man: a casebook
260 _aMacmillan
260 _bCasebook series
260 _cc[1973]
300 _a256 p. 20 cm.
999 _c16280
_d16280